Gaming Quiz

Random Gaming or Video Games Quiz

Playstation 3 Trophies - Part 6 Quiz Stats

 Plays Quiz not verified by Sporcle

Score 0/24 Timer 06:00
0 Plays Today
% Correct
NBA 2K11
75%
Middle-Earth: Shadow of Mordor
70.5%
Zumba Fitness
70.5%
Batman: Arkham Asylum
65.9%
The LEGO Movie Videogame
65.9%
Metal Gear Solid: Peace Walker
65.9%
Major League Baseball 2K9
63.6%
Mortal Kombat vs. DC Universe
63.6%
Saints Row: The Third
61.4%
Assassin's Creed II
59.1%
LittleBigPlanet
59.1%
Tom Clancy's Ghost Recon: Future Soldier
54.5%
% Correct
NHL 13
52.3%
Dishonored
47.7%
Killer Is Dead
47.7%
Darksiders II
45.5%
Final Fantasy XIII
45.5%
Uncharted 2: Among Thieves
45.5%
Borderlands
43.2%
Mass Effect 2
43.2%
Battlefield 3
43.2%
Guitar Hero: Warriors of Rock
40.9%
Enslaved: Odyssey to the West
36.4%
Prototype
20.5%

You're not logged in!

Compare scores with friends on all Sporcle quizzes.
OR
Log In

Show Comments

Extras

Top Quizzes Today


Score Distribution

Your Account Isn't Verified!

In order to create a playlist on Sporcle, you need to verify the email address you used during registration. Go to your Sporcle Settings to finish the process.

Report this User

Report this user for behavior that violates our Community Guidelines.

Details: